[Event "COL-ch Amateur U1700"]
[Site "Paipa"]
[Date "2020.02.28"]
[Round "5"]
[White "Puentes Torres, Alberto"]
[Black "Ortega Leon, Jaime"]
[Result "0-1"]
[WhiteElo "1129"]
[BlackElo "1574"]
[PlyCount "154"]
[EventDate "2020.02.26"]
[EventType "swiss"]
[EventRounds "9"]
[EventCountry "COL"]
[SourceTitle "EXT 2021"]
[Source "ChessBase"]
[SourceDate "2020.10.23"]
[SourceVersion "1"]
[SourceVersionDate "2020.10.23"]
[SourceQuality "1"]

1. e4 e6 2. d4 d5 3. Nc3 Nc6 4. Nf3 f6 5. e5 f5 6. a3 Nge7 7. Bb5 Qd7 8. Be3 b6 9. Ng5 h6 10. Bxc6 Qxc6 11. Nh3 Bb7 12. Qe2 0-0-0 13. Qb5 Kb8 14. Qxc6 Nxc6 15. 0-0 g5 16. f4 g4 17. Nf2 Be7 18. g3 h5 19. h4 gxh3 20. Nxh3 h4 21. Ne2 hxg3 22. Kg2 Rdg8 23. Rh1 Ba6 24. Nxg3 Bh4 25. Ng5 Nd8 26. Rh3 Bxg3 27. Rxg3 Bb7 28. Rh1 c5 29. c3 Rxh1 30. Kxh1 cxd4 31. cxd4 Ba6 32. Kg2 Bd3 33. Nf3 Rxg3+ 34. Kxg3 Kc7 35. Ng5 Be2 36. Kf2 Bd1 37. Ke1 Bg4 38. Kd2 Kd7 39. Kc3 Nc6 40. b4 b5 41. Nh7 Ke7 42. Bf2 Be2 43. Bh4+ Kf7 44. Ng5+ Ke7 45. Nh7+ Kf7 46. Ng5+ Ke7 47. Nh7+ Ke8 48. Nf6+ Kf7 49. Nd7 Bh5 50. Nc5 Bg6 51. a4 bxa4 52. Nxa4 Kg7 53. b5 Na5 54. Nc5 Bf7 55. Kb4 Nc4 56. Nd7 Be8 57. Nb8 Nb6 58. Nc6 Nc8 59. Ka5 Kg6 60. Bg5 Kh5 61. Ka6 Kg4 62. Ne7 Nxe7 63. Bxe7 Kxf4 64. b6 axb6 65. Kxb6 Ke3 66. Kc5 f4 67. Bg5 Ke4 68. Bxf4 Kxf4 69. Kd6 Ke4 70. Kxe6 Kxd4 71. Kd6 Ke4 72. e6 d4 73. e7 d3 74. Kc7 d2 75. Kd8 Ba4 76. e8Q+ Bxe8 77. Kxe8 d1Q 0-1

[Event "COL-ch Amateur U1700"]
[Site "Paipa"]
[Date "2020.02.27"]
[Round "3"]
[White "Puentes Torres, Alberto"]
[Black "Sanchez Huertas, Jorge Alfonso"]
[Result "1-0"]
[WhiteElo "1129"]
[BlackElo "1632"]
[PlyCount "67"]
[EventDate "2020.02.26"]
[EventType "swiss"]
[EventRounds "9"]
[EventCountry "COL"]
[SourceTitle "EXT 2021"]
[Source "ChessBase"]
[SourceDate "2020.10.23"]
[SourceVersion "1"]
[SourceVersionDate "2020.10.23"]
[SourceQuality "1"]

1. e4 e5 2. Nf3 Nc6 3. Bb5 Nd4 4. Bc4 d6 5. c3 Ne6 6. d3 h6 7. Be3 Nf6 8. h3 Bd7 9. Nbd2 Be7 10. 0-0 Qc8 11. Nh2 Ng5 12. Bxg5 hxg5 13. Ng4 Nxg4 14. hxg4 Bxg4 15. f3 Bh3 16. Kf2 Be6 17. Qe2 Qd7 18. Rh1 0-0-0 19. a4 Rh6 20. b4 Rdh8 21. Rxh6 Rxh6 22. Bxe6 Qxe6 23. d4 Rh2 24. Rg1 a6 25. d5 Qh6 26. Qf1 Qh4+ 27. Ke2 Qg3 28. Qf2 Qf4 29. Qe3 Qh4 30. Qf2 Kb8 31. Qxh4 gxh4 32. Nf1 h3 33. Nxh2 hxg2 34. Rxg2 1-0

[Event "COL-ch U1800"]
[Site "Moniquira"]
[Date "2018.07.20"]
[Round "3"]
[White "Paladines Pinzon, Samuel"]
[Black "Puentes Torres, Alberto"]
[Result "0-1"]
[WhiteElo "1134"]
[BlackElo "1610"]
[PlyCount "37"]
[EventDate "2018.07.19"]
[EventType "swiss"]
[EventRounds "7"]
[EventCountry "COL"]
[SourceTitle "CBM 187 Extra"]
[Source "ChessBase"]
[SourceDate "2018.11.04"]
[SourceVersion "1"]
[SourceVersionDate "2018.11.04"]
[SourceQuality "1"]

1. e4 c5 2. Nf3 d6 3. Bc4 Nf6 4. Nc3 Nc6 5. h3 e5 6. 0-0 a6 7. a4 Nd4 8. Ng5 d5 9. exd5 h6 10. Nf3 Bd6 11. Re1 Nxf3+ 12. Qxf3 Qe7 13. Ne4 0-0 14. Nxf6+ Qxf6 15. Qxf6 gxf6 16. d3 Kg7 17. Bd2 Bf5 18. g4 Bh7 19. a5 0-1